| 000 | 00360 a2200145 4500 | ||
|---|---|---|---|
| 040 |
_aDLC _bDLC |
||
| 082 | _a891.4391 | ||
| 100 | _aSabir Zafar | ||
| 245 |
_aIshq main roogh hazar _cSabir Zafar |
||
| 260 |
_aKarachi: _bDanyaal, _c1998. |
||
| 300 |
_a128 p. _c ; 22 cm. |
||
| 500 | _a Includes Index | ||
| 650 | _aUrdu literature | ||
| 942 |
_cBK _k891.4391 SAB _2ddc |
||
| 999 |
_c5138 _d5138 |
||